[Event "BCF-ch Seniors 50"]
[Site "Bournemouth"]
[Date "2016.08.03"]
[Round "5"]
[White "Horlock, Peter J"]
[Black "Calvert, John C"]
[Result "1-0"]
[WhiteElo "1604"]
[BlackElo "1552"]
[PlyCount "53"]
[EventDate "2016.07.30"]
[EventType "swiss"]
[EventRounds "7"]
[EventCountry "ENG"]
[SourceTitle "CBM 173 Extra"]
[Source "ChessBase"]
[SourceDate "2016.08.29"]
[SourceVersion "1"]
[SourceVersionDate "2016.08.29"]
[SourceQuality "1"]

1. e4 e5 2. Nf3 Nc6 3. d4 exd4 4. Nxd4 Nxd4 5. Qxd4 d6 6. Bc4 Nf6 7. 0-0 Be7 8. Nc3 0-0 9. Be3 Be6 10. Bxe6 fxe6 11. Qc4 Qd7 12. Rad1 a6 13. e5 Ne8 14. Qg4 d5 15. Rxd5 Qc8 16. Rd3 g6 17. Ne4 Ng7 18. Bh6 Rf7 19. Bg5 Qe8 20. Bxe7 Qxe7 21. Nf6+ Kh8 22. Rd7 Qf8 23. Rxf7 Qxf7 24. Rd1 Qf8 25. Qh4 h5 26. Qg5 Rd8 27. Qh6# 1-0

[Event "BCF-ch Seniors 50"]
[Site "Bournemouth"]
[Date "2016.08.02"]
[Round "4"]
[White "Calvert, John C"]
[Black "Newell, David F"]
[Result "0-1"]
[WhiteElo "1552"]
[BlackElo "1908"]
[PlyCount "50"]
[EventDate "2016.07.30"]
[EventType "swiss"]
[EventRounds "7"]
[EventCountry "ENG"]
[SourceTitle "CBM 173 Extra"]
[Source "ChessBase"]
[SourceDate "2016.08.29"]
[SourceVersion "1"]
[SourceVersionDate "2016.08.29"]
[SourceQuality "1"]

1. e4 c5 2. Nf3 Nc6 3. d4 cxd4 4. Nxd4 g6 5. Nc3 Bg7 6. Be3 Nf6 7. f3 0-0 8. Nb3 a5 9. Qd2 a4 10. Nd4 d5 11. exd5 Nxd5 12. Nxc6 bxc6 13. Bd4 e5 14. Bf2 a3 15. Rb1 axb2 16. Bc4 Nxc3 17. Qxc3 e4 18. Qe3 exf3 19. Qxf3 Qa5+ 20. Kf1 Ba6 21. Bxa6 Qxa6+ 22. Kg1 Qxa2 23. Qd1 Qxb1 24. Qxb1 Ra1 25. Qxa1 bxa1Q+ 0-1

[Event "BCF-ch Seniors 65"]
[Site "Bournemouth"]
[Date "2016.07.24"]
[Round "1"]
[White "Calvert, John C"]
[Black "Downham, Alan"]
[Result "0-1"]
[WhiteElo "1552"]
[BlackElo "1990"]
[PlyCount "61"]
[EventDate "2016.07.24"]
[EventType "swiss"]
[EventRounds "7"]
[EventCountry "ENG"]
[SourceTitle "CBM 173 Extra"]
[Source "ChessBase"]
[SourceDate "2016.08.29"]
[SourceVersion "1"]
[SourceVersionDate "2016.08.29"]
[SourceQuality "1"]

1. e4 d5 2. exd5 Qxd5 3. Nc3 Qd6 4. Nf3 Nf6 5. h3 a6 6. Be2 g6 7. d3 Bg7 8. Be3 0-0 9. Qd2 Re8 10. 0-0 b5 11. a3 Bb7 12. Rae1 c5 13. Bd1 Nc6 14. Bh6 Bh8 15. Be3 Rad8 16. Qc1 Nd4 17. Bf4 Qb6 18. Re3 b4 19. axb4 cxb4 20. Nb1 Nd5 21. Re4 Nxf4 22. Rxf4 e5 23. Rg4 f5 24. Rh4 Bf6 25. Ng5 f4 26. Rxf4 Bxg5 27. Rf8+ Rxf8 28. Qxg5 Qf6 29. Qe3 Qf4 30. Qe1 Qg5 31. Qe3 0-1

[Event "BCF-ch 5-day op PM Week 1"]
[Site "Torquay"]
[Date "2013.08.03"]
[Round "5.93"]
[White "Willson, Gary"]
[Black "Calvert, John C"]
[Result "1-0"]
[WhiteElo "1612"]
[BlackElo "1498"]
[PlyCount "37"]
[EventDate "2013.07.29"]
[EventType "swiss"]
[EventRounds "5"]
[EventCountry "ENG"]
[SourceTitle "EXT 2023"]
[Source "ChessBase"]
[SourceDate "2022.10.05"]
[SourceVersion "1"]
[SourceVersionDate "2022.10.05"]
[SourceQuality "1"]

1. d4 Nf6 2. Nc3 d5 3. Bg5 e6 4. e4 Be7 5. Bxf6 Bxf6 6. e5 Be7 7. Bd3 Nd7 8. Qg4 Bf8 9. Nf3 g6 10. Qf4 Bg7 11. h4 0-0 12. h5 c6 13. hxg6 fxg6 14. Qg4 Qe8 15. Ng5 Nxe5 16. dxe5 h6 17. Nf3 Kh7 18. Nh4 Bxe5 19. Bxg6+ 1-0

[Event "BCF-ch 5-day op PM Week 1"]
[Site "Torquay"]
[Date "2013.08.01"]
[Round "4.93"]
[White "Smith, Mark J"]
[Black "Calvert, John C"]
[Result "0-1"]
[WhiteElo "1378"]
[BlackElo "1498"]
[PlyCount "86"]
[EventDate "2013.07.29"]
[EventType "swiss"]
[EventRounds "5"]
[EventCountry "ENG"]
[SourceTitle "EXT 2023"]
[Source "ChessBase"]
[SourceDate "2022.10.05"]
[SourceVersion "1"]
[SourceVersionDate "2022.10.05"]
[SourceQuality "1"]

1. e4 e5 2. f4 d5 3. exd5 e4 4. d3 Nf6 5. Nc3 Bf5 6. dxe4 Nxe4 7. Nxe4 Bxe4 8. c4 Qe7 9. Qe2 Bf5 10. Qxe7+ Bxe7 11. Nf3 Nd7 12. Bd2 0-0 13. 0-0-0 Nc5 14. b4 Nd3+ 15. Bxd3 Bxd3 16. Ne5 Bg6 17. Rhe1 Rfe8 18. c5 Rad8 19. Bc3 Bf5 20. g4 Bc8 21. a4 f6 22. Nc4 Bxg4 23. Rd2 Bh5 24. d6 cxd6 25. cxd6 Bf8 26. Rxe8 Bxe8 27. Kb2 Bxa4 28. Ka3 Bb5 29. Ne3 Rxd6 30. Nd5 Bc6 31. Nc7 Rxd2 32. Bxd2 Bd6 33. Ne6 Kf7 34. f5 Bxh2 35. Be3 a6 36. Kb2 Be5+ 37. Kb3 Bd5+ 38. Ka4 Bxe6 39. fxe6+ Kxe6 40. Ka5 Kd5 41. Kb6 Bd4+ 42. Bxd4 Kxd4 43. Kxb7 Kc4 0-1